Los planes de igualdad como obligación empresarial
Wedi'i Gadw mewn:
| Prif Awdur: | |
|---|---|
| Fformat: | Llyfr |
| Iaith: | Sbaeneg |
| Cyhoeddwyd: |
Albacete
Bomarzo
2009
|
| Rhifyn: | 2a. ed |
| Cyfres: | Básicos de Derecho Social, 27
|
| Pynciau: | |
| Tagiau: |
Ychwanegu Tag
Dim Tagiau, Byddwch y cyntaf i dagio'r cofnod hwn!
|
MARC
| LEADER | 00000nam a2200000 a 4500 | ||
|---|---|---|---|
| 001 | UCH4811 | ||
| 003 | CL-VaPUC | ||
| 008 | 090903e20090000SP |||||||||||||||||spa|d | ||
| 020 | |a 9788496721746 | ||
| 082 | 0 | 4 | |a 342.085 |b FAB |2 21 |
| 100 | 0 | |a Fabregat Monfort, Gemma |e author |9 540752 | |
| 245 | 1 | 4 | |a Los planes de igualdad como obligación empresarial |
| 250 | |a 2a. ed | ||
| 300 | |a 94 p | ||
| 942 | |c BK | ||
| 945 | |d 20090903 00:00:00 |a dcastane | ||
| 260 | |a Albacete |b Bomarzo |c 2009 | ||
| 650 | 0 | |a Igualdad ante la ley |9 382454 | |
| 650 | 7 | |a IGUALDAD DE DERECHOS |2 CL-VaPUC |9 450533 | |
| 650 | 7 | |a IGUALDAD JURIDICA |2 CL-VaPUC |9 454330 | |
| 650 | 0 | |a Hombres y mujeres |9 538817 | |
| 583 | |a last modification |c 20190910 11:17:49 |k Rodrigo Vera | ||
| 490 | 0 | |a Básicos de Derecho Social, 27 | |
| 999 | |c 336069 |d 336067 | ||
| 952 | |0 0 |1 0 |4 0 |6 342_085000000000000_FAB_2009 |7 0 |8 A |9 426964 |a BIBDER |b BIBDER |d 2019-11-22 |i 4596951 |o 342.085 FAB 2009 |p 4596951 |r 2023-01-25 |w 2019-11-22 |y BK |k DER | ||